| 000 | 00823nam a2200193 a 4500 | ||
|---|---|---|---|
| 003 | 0 | ||
| 005 | 20250513141530.0 | ||
| 008 | 970101s19uu xx 00 eng d | ||
| 050 |
_aPHS QK 867 _b.C67 2004 |
||
| 100 | _aCortes, Inez Chiara C. | ||
| 245 |
_aA Comparative study on the effect of Banaba (Lagerstroemia speciosa) and Noni (Morinda Citrifolia) extracts on cell division in onion (Allium cepa) root tips cells / _cInez Chiara C. Cortes. |
||
| 260 |
_aLas PiƱas City, Philippines : _bSouthville International School and Colleges, _c2004. |
||
| 300 |
_a59 pages : _bcolor illustrations ; _c28 cm. |
||
| 504 | _aIncludes bibliographical references. | ||
| 650 |
_aCell division _xEffect of plant extracts. |
||
| 650 |
_aPlant extracts _xPhysiological effect. |
||
| 650 |
_aAllium cepa _xCytology. |
||
| 942 |
_2lcc _cPASS |
||
| 999 |
_c97103 _d97103 |
||